000 01161naa a22003497a 4500
001 BR0104285
003 BR-BrBNA
005 20240918181921.0
007 ta
008 230509b bl.||||| |||| 00| 0 por d
040 _aBR-BrBNA
_bpor
_cBiblioteca Nacional de Agricultura
041 _a(Pt)
072 _aK10
090 _aK10 BR0104285
100 1 _aWilliamson, G.B.
100 1 _aMesquita, R. de C.G.
100 1 _aIckes, K.
100 1 _aGanade, G.
245 1 _aEstrategias de colonizacao de arvores pioneiras nos neotropicos
260 3 _aManaus, AM (Brasil):
_c1998.
500 _aGascon, G.; Moutinho, P.(eds.) Floresta Amazonica: dinamica, regeneracao e manejo Manaus, AM (Brasil): 1998. p. 131-144 (BR0104285-AM)K10
650 _aReflorestamento
650 _aRegeneracao
650 _aDesmatamento
650 _aAmazonia
650 _aMata Atlantica
650 _aVismia Guianensis
650 _aImbauba
773 0 _tFloresta Amazonica: dinamica, regeneracao e manejo
_aGascon, G.; Moutinho, P.(eds.)
_wK10 BR0104285
_gManaus, AM (Brasil), 1998. p. 131-144
909 _a202404
_bLucia
_c55
_dLucia Elande
942 _cAM
_2AGRIS
999 _c327511
_d327511